000
00215nam a2200085Ia 4500
008
120527s9999 xx 000 0 und d
100
_a
Jastron, Charles
245
_a
Introduction to social work and social
942
_c
BK
999
_c
27670
_d
27670